00780nam a2200157 a 450000100100000000500170001000800410002704000250006824500650009326000650015830000220022371000710024595201840031695201050050099900170060500004614220201002052650.0150626s2011 dr 000 0 spa d aDO-SdBNPbspacBNPHU00aCódigo de ética del ministerio de relaciones exteriores. aSanto Domingo :bMinisterio de Relaciones Exteriores,c2011. a[22] p. ;c21 cm.2 aMinisterio de Relaciones ExterioresbRepública Dominicana974195 0010718PDaPDbPDcHDd2015-06-26iLF1l0o p46142-10r2020-06-25w2020-06-25yLFPDzPerteneció a la biblioteca personal de Chiqui Vicioso / Fidelio Despradel..ZNo se presta 0010718PDaPDbPDcHDd2015-06-26iLF1l0o p46143-10r2020-06-25w2020-06-25yLFPDZNo se presta c45631d45631